[Event "RUS-Cup06"]
[Site "Nizhnij Novgorod"]
[Date "1998.07.06"]
[Round "8"]
[White "Shariyazdanov, Andrey"]
[Black "Rustemov, Alexander"]
[Result "1-0"]
[WhiteElo "2495"]
[BlackElo "2575"]
[Annotator "Huzman,A"]
[PlyCount "133"]
[EventDate "1998.06.29"]
[EventType "swiss"]
[EventRounds "9"]
[EventCountry "RUS"]
[SourceTitle "EXT 2000"]
[Source "ChessBase"]
[SourceDate "1999.11.16"]
[SourceVersion "1"]
[SourceVersionDate "1999.11.16"]
[SourceQuality "1"]

1. d4 {Hecht} d5 2. c4 dxc4 3. Nf3 Nf6 4. e3 a6 5. Bxc4 e6 6. O-O c5 7. Bd3
Nbd7 8. Re1 b5 9. a4 b4 (9... bxa4 $142 10. e4 (10. Qxa4 Bb7 11. Bd2 Bxf3 12.
gxf3 cxd4 13. Qxd4 Bc5 14. Qh4 O-O 15. Bc3 Ne5 16. Bxe5 Qxd3 $11 {0-1
Ibragimov,I-Rublevsky,S/President's Cup 1998 (61)}) 10... cxd4 11. e5 Nd5 12.
Rxa4 Bb4 13. Bd2 Bxd2 14. Nbxd2 Nc5 15. Bb5+ Bd7 16. Bxd7+ Nxd7 17. Rxd4 O-O
18. Nc4 Rb8 $11 {1/2-1/2 Gelfand,B-Rublevsky,S/Polanica Zdroj 1997 (20)}) 10.
Nbd2 Be7 11. Nc4 Bb7 (11... cxd4 12. exd4 O-O (12... Qc7 13. Bg5 O-O 14. Rc1
$14) 13. Bf4 Bb7 14. Qe2 $14) 12. e4 cxd4 13. e5 Nd5 14. Bg5 $1 O-O (14... Bxg5
15. Nd6+ Kf8 16. Nxb7 Qc7 (16... Qe7 17. Be4 $16) 17. Nxg5 Qxb7 18. Bxh7 (18.
Rc1 h6 19. Nf3 $16 {[%csl Rf8]}) 18... Nc5 19. Be4 $16) 15. Nd6 $1 (15. Bxe7
Qxe7 (15... Nxe7 16. Nxd4 (16. Be4 Bxe4 17. Rxe4 Nc6 (17... Nf5 18. Nxd4 Nc5
19. Rf4) 18. Nxd4 Nc5 19. Rf4 Ne7 $1 $11 {[%cal Ye7g6]}) 16... Nc5 17. Nd6 Nxd3
18. Qxd3 Bd5 $132) 16. Nxd4 Nf4 (16... Nc5 17. Bb1 {[%cal Gc4d6]}) 17. Be4 Bd5
$11) 15... Bxg5 (15... Nc5 16. Bxe7 (16. Nxb7 Nxb7 17. Bxe7 Qxe7 (17... Nxe7
18. Be4 Qd7 19. Nxd4 Rad8 20. Nb3 $14) 18. Nxd4 $14) 16... Qxe7 (16... Nxe7 17.
Bxh7+ $1 Kxh7 18. Ng5+ Kg6 (18... Kg8 19. Qh5 $18) 19. Qg4 $18) 17. Bxh7+ $5 (
17. Rc1 $2 Nxd3 18. Qxd3 Nf4 19. Qxd4 Nxg2 $1 $19) (17. Bf1 $5 $14 {/+/-})
17... Kxh7 18. Qxd4 Rac8 19. Rec1 (19. Rac1 Nxa4 20. Nxb7 Qxb7 21. Qh4+ Kg8 22.
Ng5 Rfd8 23. Qh7+ Kf8 24. Qh8+ Ke7 25. Qxg7 Rf8 $13) 19... Nd7 20. Nxb7 Nxe5
21. Qxe5 Qxb7 22. Qe4+ g6 23. h4 $36) 16. Nxb7 Qe7 17. Be4 $1 {[%cal Gd1d4]}
Bh6 (17... Rab8 18. Na5 Rfc8 19. Qxd4 $16 {[%cal Gd4d3,Gd3h7,Gd3a6]}) 18. Bxd5
$1 (18. Qxd4 Nxe5 19. Bxd5 exd5 20. Rxe5 Qxb7 21. Rxd5 $11) 18... exd5 19. Na5
$1 $14 {[%csl Rd4,Rd5,Rh6] /+/-} (19. Qxd4 Nxe5 $11) 19... d3 (19... Rac8 $142
20. Nb3 (20. Qxd4 Qc5 21. Nb3 Qc4 $11) (20. Nxd4 Nb6 $132 {[%cal Yb6c4,Yc8c1]})
20... Nc5 21. Nbxd4 $14) 20. Qxd3 Qc5 21. Nb3 Qc4 22. Rad1 $1 Nb6 (22... Qxd3
23. Rxd3 Nb6 24. g4 (24. a5 Nc4 25. Rxd5 Nxb2 26. Re4 Rfd8 27. Rd6) 24... g6
25. a5 Nc4 26. Rxd5 Nxb2 27. Re4 Rab8 28. Rdd4 f5 29. exf6 Rxf6 30. Ne5 $16)
23. a5 Na4 (23... Qxd3 $142) 24. Qxd5 Nxb2 (24... Qxd5 25. Rxd5 Rad8 26. Red1
Rxd5 27. Rxd5 Nxb2 28. Rd6 (28. g4 $5) 28... Nc4 29. Rc6 Na3 30. Rxa6 $14 {/+/-
}) 25. Qxc4 Nxc4 26. Re4 Rfd8 (26... Rfc8 27. Rdd4 Nb2 28. Rxb4 $16) 27. Rxd8+
Rxd8 28. g4 $1 Nd2 $1 29. Nfxd2 Bxd2 30. Nxd2 Rxd2 31. Rxb4 h5 (31... Kf8 $1
32. Rb6 Rd5 33. Rxa6 Rxe5 $14 {/+/-}) 32. gxh5 $1 (32. Rb8+ Kh7 33. gxh5 Rd5
34. f4 Rd4 $1 35. f5 Rg4+ (35... Rf4 36. e6 $18) (35... Re4 $5 36. Re8 Rg4+ 37.
Kh1 Rg5 $11) 36. Kh1 Re4 37. Re8 Ra4) 32... Rd5 33. f4 Rxa5 $2 (33... f6 $1 34.
Rb8+ (34. exf6 gxf6 35. Rb6 Rxa5 36. Rxf6 Rxh5 37. Rxa6 $14) (34. e6 Kf8 35.
Rb7 Rxa5 (35... Rxh5 36. Rf7+ Ke8 (36... Kg8 37. Ra7 Kf8 38. Rxa6 $18) 37. Rxg7
Rxa5 (37... Rf5 38. Ra7 Rxa5 39. Kg2 $18) 38. Kg2 Rc5 39. Kg3 f5) 36. Rf7+ Ke8
37. Rxg7 Rxh5 38. Kg2 f5 $14) 34... Kf7 35. Rb7+ Kf8 36. exf6 gxf6 37. h6 Kg8 (
37... Rxa5 38. Rb8+ $18) 38. Rg7+ (38. Rb6 Rxa5 (38... Rf5 39. Rxa6 Kh7 40. Re6
Rxf4 41. a6 Kxh6 42. Kg2 Kg5 43. a7 Ra4 44. Re7 f5 $14) 39. Rxf6 Ra2 40. f5 Kh7
$14) 38... Kh8 (38... Kf8 39. Ra7 $18) 39. Kg2 Rxa5 40. Rf7 Ra3 41. Rxf6 Kh7
42. f5 a5 43. Ra6 Rd3 44. h4 Rd5 $11) 34. Rb8+ Kh7 35. Rf8 $1 g5 (35... f6 36.
e6 Ra1+ 37. Kf2 Ra2+ 38. Kf3 Ra3+ 39. Ke4 $18) (35... Ra4 36. Rxf7 Kg8 37. e6
$18) 36. Rxf7+ $1 (36. fxg5 Rxe5 37. h4 Kg7 38. Ra8 Re4 39. h6+ Kh7 40. Rf8 Re7
41. Kg2 Ra7 $11) 36... Kh6 (36... Kg8 37. e6 gxf4 38. h6 $18) 37. Rf6+ {
[#] Hecht: Man erwartet das Nehmen auf h5. Doch dann wird aufgrund eines
taktischen Witzes der e-Bauer zur Großmacht.} Kh7 (37... Kxh5 {Hecht} 38. e6
gxf4 (38... Ra4 39. Rf5 Re4 40. Rxg5+ Kh6 41. Re5 Rxe5 42. fxe5 Kg7 43. h4 a5
44. h5 a4 45. e7 Kf7 46. h6 a3 47. h7 a2 48. e8=Q+ Kxe8 49. h8=Q+ $18) 39. e7
Re5 40. Rf5+ $1 $18) 38. Rf7+ Kh6 39. Rf6+ Kh7 40. fxg5 Rxe5 41. h4 $18 Re4 42.
h6 Rxh4 {[#] Hecht: In dem entstandenen Endspiel spielt der schwarze a-Bauer
überhaupt keine Rolle. Wie wir sehen werden, ist er eher hinderlich...} 43.
Rf7+ (43. Rf5 {Hecht} Kg6 44. Ra5 Rh3 45. Kg2 Rb3 $11) 43... Kh8 (43... Kg8 44.
Rg7+ Kh8 45. Kg2 $18) 44. Kf2 Rg4 (44... Rh3 $5 {Hecht} 45. Rf3 $2 (45. Kg2 $1
Rh5 (45... Ra3 46. g6 $18) 46. Rf5 Kh7 47. Kg3 Kg6 48. Kg4 $18) 45... Rh5 46.
Rg3 Kh7 47. g6+ Kg8 (47... Kh8 48. g7+ Kg8 49. Rg6 $18 {[%cal Rg6f6,Rf6f8]}) (
47... Kxh6 48. g7 $18) 48. h7+ Kg7 $11 {wegen des a-Bauern kann Weiß nicht Kg2
und Th3 spielen...}) 45. Rg7 {Hecht:...wäre da nicht der blöde a-Bauer, so
könnte der schwarze Turm als Desperado zum Pattfinale blasen.} a5 46. Kf3 Rb4
47. Ra7 Rb3+ 48. Kf4 Rb4+ 49. Kf5 Rb5+ 50. Kg6 Rb6+ 51. Kh5 Rb5 52. Re7 (52. h7
{Hecht möglich wegen der fehelnden Pattgefahr...!} Rb1 53. Kh6 Rh1+ 54. Kg6 $18
) 52... a4 (52... Rc5 {Hecht} 53. Kg6 Rc6+ 54. Kf5 Rc5+ 55. Kf6 Rc6+ 56. Re6
Rxe6+ 57. Kxe6 Kg8 (57... a4 58. Kf7 a3 59. g6 a2 60. g7+ Kh7 61. g8=Q+ Kxh6
62. Qg6#) 58. g6 a4 59. g7 a3 60. Kf6 a2 61. Kg6 a1=Q 62. h7#) 53. Ra7 {
Hecht:Wegen g6 ist der a-Bauer nicht zu verteidigen. Der Rest ist Sache der
einfachen Technik.} a3 54. Rxa3 Kh7 55. Ra7+ Kh8 56. Re7 Kg8 57. Kg6 Rb6+ 58.
Kf5 Rb5+ 59. Re5 Rb8 60. g6 Kh8 61. Kf6 Rf8+ 62. Kg5 Rg8 63. g7+ Kh7 64. Rf5
Ra8 65. Rf8 Ra5+ 66. Kf4 Ra4+ 67. Ke3 1-0

[Event "Capablanca Memorial Elite 33rd"]
[Site "Havana"]
[Date "1998.05.08"]
[Round "2"]
[White "Morovic Fernandez, Ivan"]
[Black "Arencibia Rodriguez, Walter"]
[Result "1-0"]
[WhiteElo "2600"]
[BlackElo "2535"]
[Annotator "Huzman,A"]
[PlyCount "51"]
[EventDate "1998.05.07"]
[EventType "tourn"]
[EventRounds "11"]
[EventCountry "CUB"]
[EventCategory "12"]
[SourceTitle "CBM 065"]
[Source "ChessBase"]
[SourceDate "1998.08.06"]
[SourceVersion "1"]
[SourceVersionDate "1998.08.06"]
[SourceQuality "1"]

1. d4 {Cifuentes Parada,R} d5 2. c4 dxc4 3. e3 Nf6 4. Bxc4 e6 5. Nf3 c5 6. O-O
a6 7. e4 cxd4 (7... Nxe4 {Cifuentes Parada,R} 8. d5 Be7 (8... Nf6 9. Re1 $1 (9.
dxe6 $2 Bxe6 10. Qe2 (10. Qxd8+ Kxd8 11. Bxe6 fxe6 12. Ng5 Ke7 (12... Kd7 13.
Rd1+ Nd5 14. Nc3 Bd6 15. Nxd5 exd5 16. Rxd5 Rd8 17. Bf4 $18) 13. Re1 Nc6 14.
Nxe6 Kd7 15. Nxf8+ (15. Bg5 Re8) 15... Rhxf8 16. Be3 b6 17. Nc3 Rad8 18. Rad1+
Kc8 19. Rxd8+ Rxd8 20. Bg5 $14) 10... Nc6 11. Bxe6 fxe6 12. Qxe6+ Be7 13. Nc3 (
13. Ng5 Qd5 14. Nc3 Qxe6 15. Nxe6 Kf7 16. Re1 (16. Ng5+ Kg6 17. Re1 Rhe8 $11)
16... Nd4 $132) 13... Qd7 14. Qb3 O-O-O 15. Bf4 Qf5 16. Bg3 Rd3 17. Rad1 (17.
Qb6 Bd8 $1) 17... Rxd1 18. Rxd1 Rd8 $11) 9... Be7 10. dxe6 Bxe6 11. Qxd8+ Bxd8
(11... Kxd8 12. Bxe6 fxe6 13. Ng5 Kc8 14. Nxe6 g6 15. Bg5 Nbd7 16. Nc3 $16) 12.
Ng5 $16) (8... e5 9. Re1 Nd6 10. Nxe5 Be7 11. Bd3 h6 (11... O-O 12. Qc2 g6 (
12... h6 {Chekhov} 13. Qxc5 $16) 13. Qxc5 $16) 12. Qh5 (12. Be3 $16 {Rustemov,
A-Kharlov,A/RUS-ch Elista 1996/1-0 (78)}) 12... Kf8 (12... O-O 13. Nc3 (13.
Bxh6 $6 gxh6 14. Qxh6 Bf5 15. Re3 Bg5 16. Rg3 f6 $13) 13... Nd7 14. Bxh6 gxh6
15. Qxh6 $18) 13. Nc3 Nd7 14. Bf4 Nf6 (14... Nxe5 15. Bxe5 b5 16. Rad1 $16) 15.
Qf3 g5 (15... g6 $2 {Chekhov} 16. Bxg6 $1 $18) 16. Bg3 Kg7 17. Re3 h5 {Black
is already exposed after artificial castling, so he doesn't mind further
concessions. Schwarz steht aufgrund der künstlichen Rochade ohnehin schon
exponiert, daher macht er sich keine Gedanken über weitere Schwächen.} (17...
Rf8 18. Rae1 $16) 18. h3 g4 19. Qf4 (19. hxg4 hxg4 20. Qf4 Nh5) 19... Nfe8 (
19... gxh3 20. gxh3 Bxh3 21. Rae1 $40) (19... h4 20. Bxh4 Nh5 21. Bxe7 Qxe7 22.
Qh2 $18) 20. Ne4 h4 (20... f6 21. Ng6 $1 Nf5 22. Nxh8 Nxe3 23. Qxe3 $18) (20...
gxh3 21. gxh3 Nf5 22. Kh1 $40) 21. Bh2 gxh3 22. gxh3 Nf5 (22... Nxe4 $4 {
Chekhov} 23. Qxf7+ $18) 23. Kh1 $1 (23. Rf3 Rg8) 23... Kf8 (23... Nxe3 $2 24.
Qxf7+ Kh6 25. Qg6#) (23... Qxd5 24. Rg1+ Kf8 25. Bc4 Qd4 26. Bxf7 $18) 24. Rg1
Neg7 $2 {In the defence it is not always possible to avoid all dangers. Es ist
nicht immer möglich, bei der Verteidigung alle Drohungen zu parieren.} (24...
Rg8 25. Rxg8+ Kxg8 26. Re1 $40) 25. d6 $1 Bxd6 (25... Bf6 26. Nxf6 Qxf6 27. d7
$18) (25... Nxd6 $4 {Chekhov} 26. Nxd6 Bxd6 27. Qxf7#) 26. Nxd6 Qxd6 27. Rxg7
$1 Kxg7 28. Bxf5 Bxf5 29. Qxf5 Qd1+ (29... Raf8 30. Qg5+ Kh7 31. Qxh4+ $18) 30.
Kg2 Qh5 (30... Qd5+ {Chekhov} 31. Rf3 $18) 31. Qc2 (31. Qf4 $5 {Chekhov}) 31...
Rae8 32. Qc3 (32. Qxc5 Qg5+ 33. Kf1 Rc8 34. Qd4 $18) 32... f6 33. Ng4 Qd5+ (
33... Qg5 34. Rf3 Re6 35. Bf4 Qg6 36. Qxc5 $18) 34. Rf3 Re6 35. Nxf6 Qd4 (35...
Qg5+ 36. Ng4+ Kg8 37. Qc4 $18) 36. Qxd4 {Surely sufficient, but white could
have saved some technical work. Sicher ausreichend, aber Weiß hätte sich
einige technische Arbeit sparen können.} (36. Nd7 $1 Qxc3 37. Rxc3 $18) 36...
cxd4 37. Ng4 Rh5 (37... Rhe8 38. Rd3 $18) 38. Rd3 Rd5 39. Kf1 Re4 40. f3 Re8
41. Bg1 Red8 42. Bf2 Kg6 43. Bxh4 Rc8 (43... Rh8 {Chekhov} 44. Bf2 Rxh3 45. Kg2
Rh8 46. Rxd4 $18) 44. Be1 Rc1 (44... Rc2 45. Ne3 $18 (45. Rb3 $22 {Chekhov} d3
46. Rxd3 $1 Rxd3 47. Ne5+ Kf5 48. Nxd3 $18)) 45. Ke2 Rb1 (45... Rc2+ 46. Rd2
Rxd2+ 47. Bxd2 $18) 46. Rb3 (46. Rd2 d3+ 47. Kf1 Kg5 $16) 46... b5 (46... d3+ {
Chekhov} 47. Kd2 $18) 47. Bd2 Kf5 (47... d3+ {Chekhov} 48. Ke3 $18) 48. Nf2 Rc5
49. Kd3 Ke5 (49... Rf1 {Chekhov} 50. Ne4 (50. Kxd4 $5 Rxf2 (50... Rc4+ 51. Ke3
$18) 51. Kxc5 Rxd2 52. Kb6 Rd6+ 53. Ka5 $18) 50... Rxf3+ 51. Kxd4 Rc4+ 52. Kd5
Rxb3 53. Nd6+ Kg6 54. axb3 Rh4 55. b4 Rxh3 56. Bc3 $18) 50. Ng4+ Kd5 51. Nf6+
Ke6 52. Ne4 Rc4 {Rustemov,A-Kharlov,A/RUS-ch 1996/CBM 56/[Ftacnik]/1-0 (78)}) (
8... b5 9. dxe6 Qxd1 (9... bxc4 10. exf7+ Ke7 11. Qe1 Qd3 12. Nc3 Bf5 13. Ng5
$16) 10. exf7+ Ke7 11. Rxd1 bxc4 12. Re1 $16 (12. Re1 Bf5 13. Nc3 $16)) (8...
Nd6 9. dxe6 Bxe6 (9... Nxc4 10. exf7+ Ke7 11. Bg5+) (9... fxe6 10. Bd3 Be7 11.
Qc2 Nf5 12. Rd1 Qc7 13. Bxf5 exf5 14. Nc3 Be6 15. Re1 Bf7 16. Qxf5 O-O 17. Bf4
$16 {Kluger-Szili/HUN/1959/}) 10. Bxe6 fxe6 11. Qe2 $14 (11. Re1 $5) (11. Re1
$44)) (8... exd5 9. Bxd5 Nd6 (9... Nf6 10. Bxf7+) 10. Re1+ Be7 11. Bg5 f6 12.
Bf4 $16) 9. Re1 (9. dxe6 $5 Bxe6 10. Qxd8+ Bxd8 11. Bxe6 fxe6 12. Re1 Nf6 13.
Rxe6+ (13. Ng5 O-O 14. Nxe6 Re8 15. Nc3 Nc6 16. Bg5 b6 $14) 13... Be7 14. Nc3
Nc6 15. Bf4 O-O 16. Rae1 Rfe8 17. Ne5 Nd8 18. Rb6 Bf8 19. Kf1 Re6 20. Nc4 Rxe1+
21. Kxe1 Rc8 22. a4 Kf7 23. Bg5 Be7 24. f4 Kf8 25. f5 Rc6 26. Rb3 Nd5 27. Nxd5
Bxg5 28. Kf2 Bf6 29. g4 Bd4+ 30. Kg3 g6 31. h4 gxf5 32. gxf5 Rh6 33. Kg4 Bf2
34. h5 Bd4 35. a5 Rc6 36. Rb6 Rxb6 37. axb6 Nf7 38. Kf4 Ke8 39. Nc7+ Kd7 40.
Ne6 Kc6 41. Nxd4+ cxd4 42. Ke4 Kc5) 9... exd5 (9... Nd6 10. Bb3 c4 11. Bc2 O-O
12. dxe6 Bxe6 13. Nd4 Bc8 14. Nc3 $36) 10. Qxd5 Nd6 (10... Qxd5 11. Bxd5 Nf6
12. Nc3 Nc6 13. Bg5 Kf8 14. Bxc6 bxc6 15. Ne5 $16) 11. Bd3 O-O 12. Bf4 Nf5 13.
Nc3 Bf6 14. Bxf5 Qxd5 (14... Bxc3 15. Bxh7+ $1 $16) 15. Bxh7+ $1 Kxh7 16. Nxd5
Nd7 17. Bd6 Rd8 18. Nxf6+ Nxf6 19. Bxc5 Bg4 20. Be7 Rd7 21. Ng5+ Kg6 22. Bxf6
Kxf6 23. Ne4+ Kg6 24. f3 Bf5 25. Rad1 Rad8 26. Rxd7 Rxd7 27. Kf2 b6 28. Re2 Rd3
29. Re3 Rd4 30. Rb3 b5 31. Ke3 Rc4 32. Rc3 Rb4 33. b3 Be6 34. g4 a5 35. f4 Bd5
36. Nd2 a4 37. a3 Rxb3 38. Nxb3 axb3 $4 39. Rc5 (39. Kd2 $18) 39... Bc4 $4 (
39... b4 $3 40. Rxd5 (40. axb4 b2 $18) 40... bxa3 $18) 40. Kd2 {1-0 Gelfand,
B-Lautier,J/Investbanka 1997/CBM 62_05}) (7... b5 $5 {Cifuentes Parada,R}) 8.
e5 Nfd7 9. Qxd4 Nc6 10. Qf4 Qc7 (10... Be7 11. Qg3 g6 12. Bh6 $16 {[%csl Re8]})
(10... b5 11. Bb3 Bb7 12. Nc3 Nc5 13. Rd1 Qc7 14. Bc2 f5 15. Be3 Be7 16. Bxc5
Bxc5 17. Bb3 Bc8 18. Rac1 $16 {1-0 Rustemov,A-Mirzoev,A/MK Cafe op 1997 (34)} (
18. Rac1 {Cifuentes Parada,R} Qb6 19. Nd5 $1 exd5 20. Bxd5 Rb8 21. Bxc6+ Qxc6
22. e6 Bxf2+ 23. Kxf2 Qb6+ 24. Kg3 O-O 25. Rd6 Qa7 26. Ne5 Qb7 27. Nc6 Ra8 28.
e7 Re8 29. Qe5 Kh8 30. Qd5 Qb6 31. Qe5 Qc7 32. Rd8 $1 Qxe5+ 33. Nxe5 Be6 34.
Rxa8 Rxa8 35. Rd1 {1-0 Rustemov,A-Mirzoev,A/MK Cafe op 1997/EXP 59})) 11. Re1
Ndxe5 12. Nxe5 Nxe5 13. Qxe5 (13. Rxe5 $2 {Cifuentes Parada,R} Bd6 $19) 13...
Qxc4 14. Nc3 $32 {[%cal Gc3d5,Gd5c7,Gd5b6] /~/=} f6 15. Qh5+ g6 16. Qf3 Bg7 {N}
(16... Be7 17. Bh6 $44 Kf7 (17... Qh4 $140 18. Bg7 (18. Nd5 Kf7 19. Rac1 Qh5 (
19... Qxh6 {Cifuentes Parada,R} 20. Rc7 Re8 $2 21. Rxe7+ $1) 20. Rc7 {1-0
Legky,N-Alet,J/Metz op 1994}) 18... Rg8 19. Nd5 Kf7 (19... Rxg7 20. Nc7+ Kf7
21. Nxa8 $16) 20. Bxf6 Bxf6 21. Re4 $18) 18. Rad1 (18. Ne4 Rd8) 18... Rd8 19.
Rxd8 Bxd8 20. Rd1 Be7 21. Ne4 $44) 17. Nd5 O-O $8 18. Nb6 Qb4 19. Be3 Rb8 {
[%csl Rb8,Rc8][%cal Ga1c1,Gc1c7]} 20. Rac1 $44 {[%cal Ge3c5,Gc5f8,Gc5b4,Gc1c7]}
Qxb2 $2 (20... Qb5 $142 21. Rc7 $36) (20... Rd8 {Cifuentes Parada,R} 21. Red1
$1 Re8 (21... Rxd1+ 22. Qxd1 $18 {x Bc8}) 22. Bc5 Qa5 23. a4 $1 $18) 21. Re2 $1
{[%cal Ge2c2,Gc1c8]} Qb5 22. Rec2 $18 {x Bc8} e5 23. Nxc8 f5 24. Rc7 Rd8 25.
Ne7+ Kh8 26. Qh3 {[%cal Ge7g6]} (26. Qh3 Qe8 27. Bh6 Rd7 28. Bxg7+ Kxg7 29. Qe3
Kf6 30. Ng8+ $18) 1-0

[Event "Presidents Cup "]
[Site "Elista"]
[Date "1998.05.07"]
[Round "1.1"]
[White "Ibragimov, Ildar"]
[Black "Rublevsky, Sergei"]
[Result "0-1"]
[WhiteElo "2590"]
[BlackElo "2665"]
[Annotator "Huzman,A"]
[PlyCount "122"]
[EventDate "1998.05.07"]
[EventType "k.o."]
[EventRounds "6"]
[EventCountry "RUS"]
[SourceTitle "CBM 065"]
[Source "ChessBase"]
[SourceDate "1998.08.06"]
[SourceVersion "1"]
[SourceVersionDate "1998.08.06"]
[SourceQuality "1"]

1. d4 {Hecht} d5 2. c4 dxc4 3. Nf3 e6 4. e3 c5 5. Bxc4 a6 6. O-O Nf6 7. Bd3
Nbd7 8. Re1 b5 9. a4 bxa4 10. Qxa4 (10. e4 cxd4 11. e5 Nd5 12. Rxa4 Bb4 13. Bd2
Bxd2 14. Nbxd2 Nc5 15. Bb5+ Bd7 16. Bxd7+ Nxd7 17. Rxd4 O-O 18. Nc4 Rb8 19. Rg4
Qe7 20. Qd2 Rb4 21. h3 {1/2-1/2 Gelfand,B-Rublevsky,S/Polanica Zdroj 1997})
10... Bb7 11. Bd2 (11. Nbd2) 11... Bxf3 $1 12. gxf3 cxd4 13. Qxd4 (13. Bxa6 Qb6
) 13... Bc5 14. Qh4 (14. Qc3 O-O (14... Qb6) 15. Rxa6 Nd5 $132) 14... O-O 15.
Bc3 Ne5 $1 16. Bxe5 Qxd3 17. Bxf6 Qg6+ 18. Kf1 (18. Qg5 gxf6 19. Qxg6+ hxg6 $15
) (18. Bg5 h6 $15) 18... gxf6 $5 (18... Qxf6 19. Qxf6 gxf6 20. Nd2 $11) 19. Nc3
Rfb8 20. Ra4 (20. Ne4 Be7 21. Re2 Rb7 $15 {[%csl Rh4][%cal Yf6f5]}) 20... f5
21. Ne2 {[%cal Ge2f4,Gf4h5]} (21. Re2 Bf8 $15 {[%cal Yf8g7]}) 21... Bd6 $1 (
21... Rxb2 22. Nf4 Qg7 23. Nh5 Qg6 $11) 22. Rd1 Be5 23. b4 Bf6 24. Qh3 {
[%cal Ge2f4]} f4 $1 {[%cal Yg6c2,Yc2d1,Yc2a4]} (24... Rd8 $5 25. Rc1 Be5 $15)
25. e4 (25. Rc1 fxe3 26. fxe3 Qd3 $36) 25... Qg5 $1 {[%cal Yg5b5]} 26. Qg4 $2 (
26. Qg2 $1 Qxg2+ 27. Kxg2 Be7 28. Rda1 Rb6 29. b5 $11) 26... Qxg4 27. fxg4 f3
28. Ng1 Bc3 $15 {/-/+} 29. Rb1 a5 30. b5 Bb4 31. Nxf3 Rxb5 32. Nd4 (32. Ke2 Rd8
$17) 32... Rb6 33. Nc6 Bc5 (33... Rxc6 34. Rbxb4 axb4 35. Rxa8+ Kg7 36. Rb8 Rc4
37. f3 Kf6 38. Ke2 Ke5 39. Rb7 $132 Kd4 $140 40. Kd2) 34. Rxb6 Bxb6 35. Ke2 Kg7
{[%cal Ya8c8,Yc8c2]} 36. Ne5 {[%cal Ge5c4]} (36. f4 Rc8 37. Nd4 Rc3 $17) 36...
Rd8 {[%cal Yd8d4]} 37. Nc4 Bc7 38. Ke3 e5 39. Ra1 (39. Ra3 $5) 39... Ra8 40.
Kd3 Kf6 {[%cal Yf6g5]} 41. h4 Ke6 42. Kc3 Bd8 {[%cal Yd8h4,Yd8e7,Ye7a3,Ya5a3]}
43. g5 (43. f3 a4 (43... Bxh4 44. Rh1 Be7 45. Rxh7 a4 $17) 44. Nb2 a3 45. Nc4
Be7 46. Kb3 Rd8 $17) 43... a4 44. Ra2 Ra7 {[%cal Yd8e7,Ye7a3]} (44... Be7 $2
45. Nb6 {[%csl Ra4]}) 45. Rd2 Be7 46. Rd5 (46. Ra2 Bc5 $1 $17 (46... f6 47.
gxf6 Kxf6 48. Nb6 $132) (46... a3 47. Kb3 Rb7+ 48. Kc2 $132)) 46... f6 47. gxf6
Kxf6 48. Rxe5 (48. Kb2 a3+ 49. Ka2 Ra4 $17) (48. Rd2 Bc5 $17) (48. Nxe5 a3 $19)
48... a3 49. Ra5 Rxa5 50. Nxa5 Kg6 51. Nc4 (51. Nc6 Bxh4 52. f4 (52. Kb3 Bxf2
53. Kxa3 h5 54. Ne5+ Kg5 55. Kb3 Bg3 $19) 52... Bg3 $19 {[%cal Yh7h1]}) 51...
Kh5 52. Nxa3 Bxa3 {Hecht The bishop doesn't control h1, to be sure, but
Black's king prevents his colleague from entrance to that square. The
connected passed pawns are neither strong nor quick. Der Läufer beherrscht
zwar nicht h1, doch doch verwehrt der schwarze König seinem Kollegen den
Zugang dorthin. Die verbundenen Freibauern sind weder stark noch schnell.} 53.
Kd3 (53. Kd4 {Hecht} Kxh4 54. f4 Kg3 55. f5 h5 56. e5 h4 57. f6 h3 58. e6 Bb2+
$19) 53... Kxh4 54. Ke2 (54. f4 {Hecht} Kg3 55. f5 Bb2 $19) 54... Kh3 55. Kf1
Kh2 $1 $19 56. e5 h5 57. f4 h4 58. f5 Bb2 59. e6 (59. f6 {Hecht} Bxe5 60. f7
Bd6 61. Kf2 h3 62. Kf1 Bc5 $19) 59... Bf6 60. Kf2 h3 61. Kf1 Bh4 0-1

[Event "Sigeman & Co 06th"]
[Site "Malmo"]
[Date "1998.06.13"]
[Round "5"]
[White "Sokolov, Ivan"]
[Black "Hansen, Curt"]
[Result "1/2-1/2"]
[WhiteElo "2625"]
[BlackElo "2595"]
[Annotator "Huzman,A"]
[PlyCount "57"]
[EventDate "1998.06.09"]
[EventType "tourn"]
[EventRounds "9"]
[EventCountry "SWE"]
[EventCategory "13"]
[SourceTitle "CBM 066"]
[Source "ChessBase"]
[SourceDate "1998.09.30"]
[SourceVersion "1"]
[SourceVersionDate "1998.09.30"]
[SourceQuality "1"]

1. d4 d5 2. c4 dxc4 3. e3 Nf6 4. Bxc4 e6 5. Nf3 c5 6. O-O a6 7. Bb3 cxd4 8.
exd4 Nc6 9. Nc3 Be7 10. Re1 (10. a3 Na5 11. Ba2 b5 12. d5 exd5 13. Nxd5 Nxd5
14. Bxd5 Bb7 15. Bxb7 Nxb7 16. Nd4 O-O 17. Nc6 Qc7 18. Nxe7+ Qxe7 19. a4 Rfd8
20. Qg4 bxa4 21. Rxa4 Nc5 22. Ra3 Qe6 {1/2-1/2 Lalic,B-Kortschnoj,V/WchT 4th
1997}) (10. Bg5 O-O 11. Re1 h6 12. Bh4 b5 13. a3 Bb7 14. Qd3 Nh5 15. Bg3 Nxg3
16. hxg3 Bf6 17. Rad1 Ne7 $11) (10. Bf4 O-O 11. Rc1 Na5 12. Bc2 b5 13. a4 b4
14. Ne4 Nd5 15. Bd2 Nc4 16. Bb3 Nxd2 17. Qxd2 Bb7 $11 {1/2-1/2 Epishin,
V-Fominyh,A/RUS-ch m1-2 1997/CBM 59 (26)}) 10... O-O 11. a3 (11. Bf4 Na5 12.
Bc2 b5 13. d5 exd5 14. Qd3 g6 15. Rxe7 Qxe7 16. Bg5 Qd6 17. Qd4 Nh5 18. Nxd5
Nc6 19. Qd2 f6 20. Bb3 Kh8 21. Be3 Bg4 22. Nb6 Qxd2 23. Nxd2 Rad8 $17 {0-1
Illescas Cordoba,M-Anand,V/Leon m 1997 (37)}) 11... Na5 12. Bc2 b5 13. Qd3 Bb7
14. Bg5 g6 $11 15. Ne5 Rc8 {[%cal Ya5c4]} 16. Rad1 (16. Qh3 Nc4 17. Bh6 Nxb2 (
17... Re8 18. Nxf7 Qxd4 $132 19. Qxe6 $140 Bc5 $19) 18. Bxf8 Bxf8 $17) 16...
Nc4 17. Nxc4 bxc4 (17... Rxc4 18. Bb3 Rc8 19. Qh3 (19. d5 Bxd5 20. Qh3 Rc7 $11)
19... Rc7 20. Qh4 Nd5 21. Ne4 $14 {/=}) 18. Qh3 Nd5 19. Bh6 Re8 20. Ne4 Qb6 $15
{[%csl Rb2]} 21. Bc1 f5 22. Nc3 Bf6 {[%csl Rb2,Rd4]} 23. Nxd5 exd5 (23... Bxd5
24. Qc3 {[%cal Gc1f4,Gf4b8]} Rb8 25. Re2 Rb7 (25... Red8 $140 26. Bf4 Qxb2 27.
Qe3 {[%cal Gf4b8,Gc2f5,Ge2b2]} Rb7 28. Bxf5 $11) 26. Ba4 Rd8 27. Bf4 $132) 24.
Qg3 Bxd4 (24... Bg7 25. h4 Rxe1+ 26. Rxe1 Bxd4 (26... Qxd4 27. Re7 $44) 27.
Bxf5 $15) 25. Bxf5 $11 Bxf2+ (25... Rxe1+ 26. Rxe1 Bxf2+ 27. Qxf2 Qxf2+ 28.
Kxf2 Rf8 29. Re7 Rxf5+ 30. Ke2 $11 {[%cal Gc1e3,Ge3d4]}) 26. Qxf2 Qxf2+ 27.
Kxf2 gxf5 28. Rxe8+ Rxe8 29. Rd4 1/2-1/2